Synonyms & antonyms / (Record no. 152863)

MARC details
000 -LEADER
fixed length control field 00690nam a22002417a 4500
005 - DATE AND TIME OF LATEST TRANSACTION
control field 20180620130906.0
008 - FIXED-LENGTH DATA ELEMENTS--GENERAL INFORMATION
fixed length control field 180620b xxu||||| |||| 00| 0 eng d
010 ## - LCCN (DPL NO)
LC control number B-161674
020 ## - INTERNATIONAL STANDARD BOOK NUMBER
International Standard Book Number 818909389
Terms of availability 0.00
035 ## - SYSTEM CONTROL NUMBER
System control number B-161674
037 ## - SOURCE OF ACQUISITION
Source of stock number/acquisition BPPD / PUB
040 ## - CATALOGING SOURCE
Original cataloging agency dpl
Language of cataloging English
082 ## - DEWEY DECIMAL CLASSIFICATION NUMBER
Classification number 483.1
100 ## - MAIN ENTRY--PERSONAL NAME
9 (RLIN) 29868
Personal name Gupta, Shabnam
245 ## - TITLE STATEMENT
Title Synonyms & antonyms /
Statement of responsibility, etc by Shabnam Gupta
260 ## - PUBLICATION, DISTRIBUTION, ETC. (IMPRINT)
Place of publication, distribution, etc New Delhi
Name of publisher, distributor, etc Lotus Press
Date of publication, distribution, etc 2005
270 ## - ADDRESS
Address 4263/3, Ansari Road, Darya Ganj
City New Delhi
Postal code 110002
Electronic mail address lotus_press@sify.com
300 ## - PHYSICAL DESCRIPTION
Extent ix, 197p.
Dimensions 20cm (Hb)
650 ## - SUBJECT ADDED ENTRY--TOPICAL TERM
9 (RLIN) 29869
651 ## - SUBJECT ADDED ENTRY--GEOGRAPHIC NAME
9 (RLIN) 1549
700 ## - ADDED ENTRY--PERSONAL NAME
9 (RLIN) 29871
942 ## - ADDED ENTRY ELEMENTS (KOHA)
Source of classification or shelving scheme Dewey Decimal Classification
Item type English Books
Call number suffix GUP
Classification part 483.1
Holdings
Withdrawn status Lost status Source of classification or shelving scheme Damaged status Not for loan Collection code Home library Current library Date acquired Source of acquisition Cost, normal purchase price Total Checkouts Full call number Barcode Date last seen Cost, replacement price Koha item type
    Dewey Decimal Classification     Non-fiction Shahdara Branch Shahdara Branch 20/06/2018 BPPD/PUB 0.00 2 483.1 GUP B-161674 23/08/2022 0.00 English Books

© Delhi Public Library
Hit Counter
free hit counter